Statistics for Five Biggest Countries by Empire

Click here to take the quiz!

General Stats

  • This quiz has been taken 680 times
  • The average score is 34 of 46

Answer Stats

Country% Correct
China
99%
Russia
97%
Italy
96%
Brazil
95%
France
95%
India
94%
Mexico
93%
Spain
93%
United States
93%
Germany
92%
Mongolia
92%
Argentina
91%
Canada
91%
Peru
91%
Australia
88%
D.R. Congo
88%
Kazakhstan
88%
Chile
87%
Colombia
86%
Indonesia
85%
Turkey
85%
Egypt
81%
Bolivia
80%
Japan
80%
Iran
78%
Belgium
77%
Ecuador
77%
Angola
73%
Portugal
72%
Mozambique
67%
Thailand
66%
Niger
65%
Mali
63%
Namibia
61%
Nigeria
60%
Myanmar
58%
Tanzania
57%
Sudan
55%
Cameroon
53%
Papua New Guinea
48%
Guinea
44%
Burkina Faso
43%
Morocco
43%
Rwanda
43%
Burundi
41%
Uruguay
36%

Score Distribution

Percentile by Number Answered

Percent of People with Each Score

Your Score History

You have not taken this quiz